Riconosci il Pokémon - Quiz n°196 - Statistics

Statistiche generali
  • Questo quiz è stato fatto 2 volte
  • Il punteggio medio è 9 su 10
Statistiche sulle risposte
Indizio Risposta % Corretto
Altezza 0,6 m
100%
Tasso di cattura 255 (43.9%)
100%
Sesso 50% ♂, 50% ♀
100%
Peso 8,9 kg
100%
Tipo Buio
100%
Stadio evoluzione Forma Base
100%
Abilità Fugafacile; Agiltecnica; Sorveglianza
100%
Generazione Ottava
100%
Pokémon Nickit
50%
Tasso di allevamento Veloce
50%
Nessun quiz corrispondente trovato
Distribuzione punteggi
Percentuale di utenti per punteggio
Percentile per numero di risposta
I tuoi punteggi nel tempo
Non hai fatto questo quiz